000 01017nam a2200289 i 4500
003 EG-GICUC
005 20260406102212.0
008 260406s1855 fr||||fr|||| 000 0 fre d
040 _aEG-GiCUC
_bfre
_cEG-GiCUC
_dEG-GiCUC
_eRda
082 0 4 _221
_a341.33040
_bGA . T
092 0 4 _221
099 _aLaw1 11 341.33040 GA . T 1855
100 1 _aGarden, Le Comte De
_eAuteur
245 1 0 _aTraité Complet De Diplomatie :
_bOu Théorie Générale Des Relations Extérieures Des Puissances De L'europe.
_nTome Deuxième /
_cLe Comte De Garden.
264 1 _aParis :
_bLibrairie De Treuttel Et Würtz,
_c1855.
300 _a451page :
_billustration ;
_c 24 cm.
336 _2rda contenu
_a texte
337 _2rda medias
_aOrdinateur
338 _2 transporteur rda
_a Ressource en ligne
504 _a
546 _aTexte en français
650 1 4 _aDroit international public
_2
651 1 _2
856 4 0 _uhttps://fll.law.cu.edu.eg/fulltext/bks/B11-09065.pdf
905 _a50
942 _2ddc
_cBK
_e21
_n0
999 _c69258
_d69258